[Event "Nordstrand GP Langsjakk 2017"]
[Site ""]
[Date "2017.04.21"]
[Round "1"]
[White "Kakushadze, Ilia"]
[Black "Getz, Nicolai"]
[Result "1-0"]
[WhiteElo "2097"]
[BlackElo "2403"]
[PlyCount "45"]
[EventDate "2017.??.??"]

1. e4 c5 2. Nf3 e6 3. d4 cxd4 4. Nxd4 Nc6 5. Nc3 Qc7 6. Be3 Nf6 7. Bd3 h5 8. h3
a6 9. O-O b5 10. Nxc6 Qxc6 11. e5 b4 12. exf6 bxc3 13. Be2 cxb2 14. Rb1 gxf6
15. Rxb2 Qc7 16. Qd4 Qe5 17. Bf3 Bd6 18. Rfb1 Qh2+ 19. Kf1 Be5 20. Qc4 Bxb2 21.
Bxa8 Qb8 22. Bf3 d5 23. Rxb2
1-0

[Event "Nordstrand GP Langsjakk 2017"]
[Site ""]
[Date "2017.04.21"]
[Round "1"]
[White "Kvisla, Johannes Luangtep"]
[Black "Nordquelle, Daniel"]
[Result "1-0"]
[WhiteElo "2318"]
[BlackElo "2094"]
[PlyCount "65"]
[EventDate "2017.??.??"]

1. e4 c5 2. Nf3 d6 3. Bb5+ Bd7 4. Bxd7+ Qxd7 5. O-O Nc6 6. Qe2 Nf6 7. Rd1 e6 8.
d4 cxd4 9. Nxd4 Be7 10. c4 O-O 11. Nc3 Rad8 12. Be3 a6 13. h3 Rfe8 14. Nf3 Qc7
15. Rac1 Qa5 16. Nd2 Bf8 17. Nb3 Qb4 18. Qc2 Na5 19. Nxa5 Qxa5 20. Qb3 Rc8 21.
Bd4 Nd7 22. Qxb7 Rc7 23. Qb3 Rb8 24. Qa4 Qxa4 25. Nxa4 Rbc8 26. b3 d5 27. exd5
exd5 28. Bb6 Rc6 29. Be3 Nf6 30. Nb6 Rd8 31. Nxd5 Nxd5 32. Rxd5 Rxd5 33. cxd5
1-0

[Event "Nordstrand GP Langsjakk 2017"]
[Site ""]
[Date "2017.04.21"]
[Round "1"]
[White "Støre, Trond"]
[Black "Kovachev, Daniel Jakobsen"]
[Result "0-1"]
[WhiteElo "2084"]
[BlackElo "2314"]
[PlyCount "114"]
[EventDate "2017.??.??"]

1. d4 Nf6 2. c4 e6 3. Nf3 d5 4. g3 dxc4 5. Bg2 Nc6 6. O-O Rb8 7. Ne5 Nxe5 8.
dxe5 Qxd1 9. Rxd1 Nd7 10. Be3 a6 11. Ba7 Ra8 12. Bd4 c5 13. Bc3 Ra7 14. a4 b6
15. Nd2 Bb7 16. Nxc4 Bxg2 17. Kxg2 Be7 18. Rd2 f5 19. exf6 gxf6 20. Rad1 Rg8
21. Nd6+ Bxd6 22. Rxd6 Ke7 23. Rc6 Rg4 24. f4 f5 25. Rdd6 Rg6 26. a5 bxa5 27.
Rxa6 Rxa6 28. Rxa6 e5 29. Rxg6 hxg6 30. Bxa5 exf4 31. gxf4 Nf6 32. Kf3 Ke6 33.
Bc3 Ne4 34. Be1 c4 35. Ke3 Kd5 36. Bc3 Nd6 37. Kf3 Ne4 38. h4 Nc5 39. e3 Ne4
40. Bd4 Nd2+ 41. Ke2 Ne4 42. Kd1 Nd6 43. Kc2 Nb5 44. Be5 Ke4 45. Kd2 Kf3 46.
Bf6 Nc7 47. Be5 Nd5 48. Bd4 Ke4 49. Ke2 Nxf4+ 50. Kd2 Ng2 51. Bb6 Nxh4 52. Ke2
Nf3 53. Bd8 g5 54. Bf6 g4 55. Kf2 Ne5 56. Ke2 Nd3 57. Bg7 g3
0-1

[Event "Nordstrand GP Langsjakk 2017"]
[Site ""]
[Date "2017.04.21"]
[Round "1"]
[White "Ranaldi, Lucas"]
[Black "Mansoor, Afras"]
[Result "1-0"]
[WhiteElo "2309"]
[BlackElo "2037"]
[PlyCount "120"]
[EventDate "2017.??.??"]

1. d4 Nf6 2. c4 g6 3. Nc3 Bg7 4. Nf3 O-O 5. Bg5 d6 6. e3 h6 7. Bh4 Nbd7 8. Be2
e5 9. Qc2 c6 10. O-O Qc7 11. Rfd1 Re8 12. Rac1 Nf8 13. b4 Bf5 14. Qb2 a5 15. a3
Ne4 16. Nxe4 Bxe4 17. dxe5 dxe5 18. Nd2 Bf5 19. c5 Be6 20. Bc4 f5 21. f3 e4 22.
Bf6 axb4 23. axb4 Bxf6 24. Qxf6 exf3 25. gxf3 Ra3 26. Rc3 Rxc3 27. Qxc3 Qe7 28.
Kh1 Qh4 29. Rg1 Qf2 30. Rf1 Qh4 31. Bxe6+ Rxe6 32. Nc4 Qg5 33. Rg1 Qh4 34. Rf1
Qg5 35. Qd4 Kh7 36. Rg1 Qe7 37. Rd1 Kg8 38. Qd8 Qxd8 39. Rxd8 Re7 40. Kg2 Kg7
41. Kf2 Nd7 42. Na5 Ne5 43. Ke2 g5 44. Rb8 g4 45. fxg4 Nxg4 46. Rxb7 Rxb7 47.
Nxb7 Kf6 48. h3 Ne5 49. Nd6 Ke6 50. b5 cxb5 51. Nxb5 Kd5 52. Nd4 Kxc5 53. Nxf5
Nf7 54. Kf3 Kd5 55. Kf4 Ke6 56. h4 Kf6 57. e4 Ke6 58. Nd4+ Kf6 $11 59. Nf3 Kg6
60. Ne5+ Nxe5
1-0

[Event "Nordstrand GP Langsjakk 2017"]
[Site ""]
[Date "2017.04.21"]
[Round "1"]
[White "Gonzàles, Francisco Silva"]
[Black "Tryggestad, Andreas G"]
[Result "0-1"]
[WhiteElo "2026"]
[BlackElo "2284"]
[PlyCount "66"]
[EventDate "2017.??.??"]

1. d4 Nf6 2. c4 g6 3. Nc3 d5 4. Bf4 Bg7 5. Nf3 O-O 6. e3 dxc4 7. Bxc4 c5 8.
dxc5 Qa5 9. O-O Qxc5 10. Bb3 Nc6 11. h3 Bf5 12. Qe2 Ne4 13. Nd5 e5 14. Bh2 Rad8
15. Rac1 Qa5 16. Rxc6 Rxd5 17. Rc4 Qb5 18. Re1 Ng3 19. fxg3 Bd3 20. Qf2 Bxc4
21. e4 Rc5 22. Nd2 Bxb3 23. Nxb3 Rc6 24. Qxa7 Ra6 25. Qc5 Qxc5+ 26. Nxc5 Rxa2
27. Re2 Rd8 28. Kf2 Bf8 29. Nb3 Rd3 30. Nc1 Bc5+ 31. Ke1 Ra1 32. Rc2 Bd4 33. g4
Rb3
0-1

[Event "Nordstrand GP Langsjakk 2017"]
[Site ""]
[Date "2017.04.21"]
[Round "1"]
[White "Al-Tarbosh, Ward"]
[Black "Rukovci, Shemsi"]
[Result "1/2-1/2"]
[WhiteElo "2219"]
[BlackElo "2026"]
[PlyCount "105"]
[EventDate "2017.??.??"]

1. e4 d5 2. exd5 Nf6 3. d4 c6 4. dxc6 Nxc6 5. c3 e5 6. Bb5 exd4 7. Qxd4 Bd7 8.
Bxc6 Bxc6 9. Qxd8+ Rxd8 10. Nf3 Bxf3 11. gxf3 Rd5 12. Be3 a6 13. Nd2 Be7 14.
Ne4 Nd7 15. Rg1 f5 16. Nd2 O-O 17. Bd4 Bf6 18. Bxf6 Rxf6 $11 19. O-O-O Ne5 20.
Kc2 Re6 21. Rgf1 Rh6 22. Rfe1 Nd3 23. Re3 Rhd6 24. Nc4 Nb4+ 25. cxb4 Rxd1 26.
Nxd6 Rxd6 27. Re5 Rh6 28. Kd2 Rxh2 29. Ke2 Rh4 30. a3 Rc4 31. Kd3 Rf4 32. Ke3
Rc4 33. Re8+ Kf7 34. Rb8 f4+ 35. Kd3 Rc7 36. Ke4 g5 37. Kf5 h6 38. a4 Rd7 39.
b3 Rd5+ 40. Kg4 Rd7 41. Kh5 Kg7 42. b5 axb5 43. axb5 Rd3 44. Rxb7+ Kf6 45. Kg4
h5+ 46. Kxh5 Rxf3 $11 47. Kg4 Rxf2 48. Rb6+ Ke5 49. Kxg5 Rg2+ 50. Kh4 Rb2 51.
Rb8 Rxb3 52. Re8+ Kd6 53. Kg4
1/2-1/2

[Event "Nordstrand GP Langsjakk 2017"]
[Site ""]
[Date "2017.04.21"]
[Round "1"]
[White "Selbekk, Vebjørn"]
[Black "Sahl, Sheila Barth"]
[Result "1/2-1/2"]
[WhiteElo "1976"]
[BlackElo "2166"]
[PlyCount "124"]
[EventDate "2017.??.??"]

1. Nf3 f5 2. d3 Nf6 3. g3 e6 4. Bg2 Be7 5. O-O O-O 6. Nbd2 d6 7. e4 fxe4 8.
dxe4 e5 9. Qe2 Kh8 10. Nc4 Nc6 11. c3 Qe8 12. Nfd2 Bg4 13. f3 Be6 14. Ne3 a6
15. Ndc4 b5 16. Na3 Qf7 17. b3 Nd7 18. Nac2 Nc5 19. Bb2 Qh5 20. Nd5 Bd8 21.
Rae1 Ne7 22. Nce3 c6 23. Nxe7 Bxe7 24. g4 Qe8 25. Nf5 Rd8 26. Rd1 Nb7 27. Kh1
Rd7 28. Qe3 c5 29. Bc1 Nd8 30. Qe2 Nf7 31. Rf2 Bd8 32. c4 bxc4 33. bxc4 Be7 34.
Ne3 Rb7 35. Nd5 Qa4 36. Qc2 Qxc2 37. Rxc2 Bxd5 38. Rxd5 Nd8 39. Rb2 Rxb2 40.
Bxb2 Nc6 41. Rd1 Rb8 42. Bc3 Kg8 43. Bf1 Nd4 44. Kg2 Nc2 45. Kf2 Bh4+ 46. Ke2
Nd4+ 47. Bxd4 cxd4 48. Kd3 Rb2 49. Rd2 Rb1 50. Be2 Bg5 51. Rc2 Be7 52. Rd2 Kf7
53. Kc2 Rh1 54. Kd3 Rc1 55. Rc2 Rxc2 56. Kxc2 a5 57. Kd3 Kg6 58. f4 Kf6 59. h4
g6 60. f5 gxf5 61. gxf5 Kg7 62. h5 Kh6 1/2-1/2

[Event "Nordstrand GP Langsjakk 2017"]
[Site ""]
[Date "2017.04.21"]
[Round "1"]
[White "Sousa, Ludy Helsio P"]
[Black "Lindbøl, Aleksander"]
[Result "1-0"]
[WhiteElo "2152"]
[BlackElo "1971"]
[PlyCount "95"]
[EventDate "2017.??.??"]

1. e4 c6 2. Nc3 d5 3. d4 dxe4 4. Nxe4 Bf5 5. Ng3 Bg6 6. h4 h6 7. Nf3 Nd7 8. h5
Bh7 9. Bd3 Bxd3 10. Qxd3 Ngf6 11. Bd2 e6 12. O-O-O Be7 13. Ne4 Nxe4 14. Qxe4
Nf6 15. Qd3 O-O 16. Kb1 Qd5 17. Rh4 b5 18. Re1 Nd7 19. Rh3 Bf6 20. g4 Rfe8 21.
Bf4 c5 22. Rg3 cxd4 23. g5 hxg5 24. Bxg5 Qf5 25. Bxf6 Nxf6 26. Qxd4 Rac8 27.
Qd1 Ne4 28. Nd4 Qxf2 29. Rd3 f5 30. Nxb5 Qb6 31. Nd6 Rb8 32. b3 Nf2 33. Qd2
Nxd3 34. Nxe8 Nxe1 35. Qd7 Qb7 36. Nc7 Kh8 37. h6 Qg2 38. hxg7+ Qxg7 39. Qd6
Rc8 40. Nxe6 Qc3 41. Nd4 Qc7 42. Qh6+ Qh7 43. Qf6+ Qg7 44. Qh4+ Qh7 45. Qxe1
Rd8 46. Qe5+ Qg7 47. Qxg7+ Kxg7 48. Ne6+
1-0

[Event "Nordstrand GP Langsjakk 2017"]
[Site ""]
[Date "2017.04.21"]
[Round "1"]
[White "Edvardsen, Ragnar"]
[Black "Hansen, Victor"]
[Result "1-0"]
[WhiteElo "1969"]
[BlackElo "2097"]
[PlyCount "62"]
[EventDate "2017.??.??"]

1. e4 c6 2. d4 d5 3. exd5 cxd5 4. c4 Nf6 5. Nc3 e6 6. Nf3 Bb4 7. Bd3 dxc4 8.
Bxc4 O-O 9. O-O b6 10. Bg5 Bb7 11. Qe2 Be7 12. Rfe1 h6 13. Bh4 Bxf3 14. Qxf3
Nbd7 15. Rad1 Qc7 16. Bb3 a6 17. Ne4 Rfc8 18. Bg3 Qd8 19. Nd6 Bxd6 20. Bxd6 Nf8
21. Be5 Ng6 22. Bxf6 gxf6 23. d5 e5 24. Qe4 Qd6 25. h4 Rc5 26. Bc2 Rac8 27. Bd3
Rxd5 28. Qg4 Rd8 29. Bxg6 fxg6 30. Qxg6+ Kf8 31. Rxd5 Qe7
1-0

[Event "Nordstrand GP Langsjakk 2017"]
[Site ""]
[Date "2017.04.21"]
[Round "1"]
[White "Lund, Elin Teresa Stensrud"]
[Black "Egeland, Finn"]
[Result "0-1"]
[WhiteElo "1868"]
[BlackElo "1961"]
[PlyCount "54"]
[EventDate "2017.??.??"]

1. e4 e5 2. Nc3 Nf6 3. f4 d5 4. fxe5 Nxe4 5. d3 Nxc3 6. bxc3 Be7 7. Nf3 O-O 8.
Be2 c5 9. O-O d4 10. Qe1 Nc6 11. Qg3 Kh8 12. Bg5 dxc3 13. Qh4 Bxg5 14. Nxg5
Qd4+ 15. Qxd4 Nxd4 16. Bh5 g6 17. Bf3 Be6 18. Nxe6 fxe6 19. Bxb7 Rab8 20. Rxf8+
Rxf8 21. Bf3 Nxc2 22. Rc1 Nd4 23. Kf2 c2 24. Ke3 Kg7 25. Be4 Rb8 26. Bc6 Rb1
27. Kd2 Rxc1
0-1

[Event "Nordstrand GP Langsjakk 2017"]
[Site ""]
[Date "2017.04.21"]
[Round "1"]
[White "Haugland, Rasmus L"]
[Black "Kvendseth, Thyra"]
[Result "1-0"]
[WhiteElo "1944"]
[BlackElo "1865"]
[PlyCount "175"]
[EventDate "2017.??.??"]

1. d4 Nf6 2. Nc3 g6 3. e4 d6 4. Bg5 Bg7 5. Qd2 O-O 6. O-O-O c6 7. h4 h5 8. Bc4
b5 9. Bd3 a5 10. e5 dxe5 11. dxe5 Ng4 12. Qe2 Qb6 13. Nh3 Nxe5 14. Bxe7 Re8 15.
Bg5 Bxh3 16. Rxh3 Nxd3+ 17. Qxd3 Qxf2 18. Ne4 Qxg2 19. Nd6 Re2 20. Nxf7 Kh7 21.
Bf4 Bf6 22. Nd6 Qg4 23. Rf3 Re6 24. Rdf1 Na6 25. Ne4 Nb4 26. Qd7+ Kg8 27. Nxf6+
Rxf6 28. Qb7 Qc8 29. Qe7 Rf7 30. Qd6 Qf5 31. R3f2 Rd7 32. Qe5 Qxe5 33. Bxe5 Re8
34. a3 Rxe5 35. axb4 axb4 36. Rf6 Kg7 37. Rxc6 Rd4 38. Rg1 Rg4 39. Rh1 Rge4 40.
Rh3 Rd4 41. Kb1 Rc4 42. Rb6 Rec5 43. Rg3 Rg4 44. Rh3 Rc7 45. Rxb5 $11 Rcc4 46.
Rb7+ Kh6 47. b3 Rce4 48. c4 bxc3 49. Rxc3 Rxh4 50. Kb2 Rh1 51. b4 h4 52. Rb8
Rf1 53. Kb3 Rb1+ 54. Ka4 Re5 55. b5 Re2 56. Ka5 Re6 57. Rh8+ Kg5 58. Rc5+ Kg4
59. Rc4+ Kf5 60. Rcxh4 Ra1+ 61. Ra4 Rb1 62. Rb8 g5 63. Rf8+ Ke5 64. Rb8 Kf6 65.
b6 Ke7 66. Ka6 Ree1 67. b7 Ra1 68. Re8+ Kd7 69. Rxe1 Rxa4+ 70. Kb5 Ra2 71. Kb6
Rb2+ 72. Ka7 Ra2+ 73. Kb8 Rb2 74. Ra1 Rb4 75. Ka8 Kc7 76. Rc1+ Kd7 77. b8=Q
Ra4+ 78. Qa7+ Rxa7+ 79. Kxa7 Ke6 80. Kb6 Kf5 81. Kc5 Kf4 82. Kd4 Kf3 83. Kd3 g4
84. Rf1+ Kg2 85. Ke2 g3 86. Rc1 Kh2 87. Kf3 g2 88. Kf2
1-0

[Event "Nordstrand GP Langsjakk 2017"]
[Site ""]
[Date "2017.04.21"]
[Round "1"]
[White "Jashari, Driton"]
[Black "Smeby, Ole"]
[Result "1/2-1/2"]
[WhiteElo "1851"]
[BlackElo "1936"]
[PlyCount "152"]
[EventDate "2017.??.??"]

1. e4 d5 2. exd5 Qxd5 3. Nc3 Qa5 4. Bc4 c6 5. Nge2 Nf6 6. d4 Nbd7 7. O-O Nb6 8.
Bd3 g6 9. Bd2 Nbd5 10. Ne4 Qd8 11. N4g3 Bg7 12. a3 O-O 13. c4 Nc7 14. Qc2 Ne6
15. Bc3 Qc7 16. Qd2 Rd8 17. Rad1 Ng4 18. h3 Bh6 19. Qc2 Nf6 20. Ne4 Nxe4 21.
Bxe4 Ng5 22. f4 Nxe4 23. Qxe4 Bf5 24. Qf3 Bc2 25. Rc1 Bf5 26. d5 cxd5 27. cxd5
Qc5+ 28. Kh2 Qxd5 29. Qf2 Bd3 30. Rfd1 Qe4 31. Qh4 Bg7 32. Ng3 Qe6 33. Bxg7
Kxg7 34. Re1 Qf6 35. Qxf6+ Kxf6 36. Rc7 e6 37. Rxb7 Rdb8 38. Rxb8 Rxb8 39. b4
Rb5 40. Re3 Rd5 41. Nh1 Ke7 42. Nf2 Bb1 43. g4 h5 44. Kg3 hxg4 45. hxg4 a5 46.
Rb3 Ba2 47. Rb2 Bc4 48. Rc2 Bb5 49. Rc5 axb4 50. axb4 Rxc5 51. bxc5 f5 52. Kf3
Kd7 53. Ke3 Kc6 54. Kd4 Be2 55. gxf5 gxf5 56. Nh3 Bd1 57. Ng5 Bb3 58. Nf7 Bd5
59. Ne5+ Kb5 60. Ng6 Bh1 61. Ne7 Be4 62. Nc8 Bd5 63. Nd6+ Kc6 64. Nf7 Bg2 65.
Ne5+ Kb5 66. Ng6 Kc6 67. Ne7+ Kd7 68. Ng6 Kc6 69. Ne5+ Kb5 70. Nd3 Bd5 71. Ne1
Be4 72. Ke5 Kxc5 73. Kxe6 Kd4 74. Nf3+ Ke3 75. Nh4 Kxf4 76. Nxf5 Bxf5+
1/2-1/2

[Event "Nordstrand GP Langsjakk 2017"]
[Site ""]
[Date "2017.04.21"]
[Round "1"]
[White "Mirza, Raad"]
[Black "Ali, Karim"]
[Result "1-0"]
[WhiteElo "1930"]
[BlackElo "1841"]
[PlyCount "49"]
[EventDate "2017.??.??"]

1. e4 e6 2. d4 d5 3. exd5 exd5 4. Bd3 Bd6 5. Nf3 Ne7 6. Bg5 f6 7. Be3 Bf5 8.
O-O Bxd3 9. Qxd3 Qd7 10. Re1 O-O 11. c4 c6 12. Nbd2 Na6 13. c5 Bc7 14. a3 Rae8
15. Nf1 Nb8 16. Ng3 Qc8 17. Bd2 Nd7 18. Nh4 g6 19. Re2 f5 20. Rae1 f4 21. Rxe7
fxg3 22. hxg3 Rxe7 23. Rxe7 Rxf2 24. Qe3 Rf6 25. Re8+
1-0

[Event "Nordstrand GP Langsjakk 2017"]
[Site ""]
[Date "2017.04.21"]
[Round "1"]
[White "Sebastian, Andreas"]
[Black "Huse, Sigurd Kjelsbøl"]
[Result "0-1"]
[WhiteElo "1810"]
[BlackElo "1926"]
[PlyCount "74"]
[EventDate "2017.??.??"]

1. c4 e5 2. g3 Bc5 3. Bg2 a6 4. Nc3 Nc6 5. e4 d6 6. Nge2 Nge7 7. d3 Nd4 8. Nxd4
Bxd4 9. O-O O-O 10. h3 h6 11. Ne2 Ba7 12. d4 Nc6 13. d5 Ne7 14. b4 f5 15. exf5
Nxf5 16. g4 Nh4 17. Ng3 Nxg2 18. Kxg2 Qh4 19. Be3 Bxe3 20. fxe3 Bd7 21. Qd2 g6
22. Ne4 Kg7 23. Qe1 Qe7 24. Qg3 c6 25. c5 cxd5 26. cxd6 Qe6 27. Nc5 Qxd6 28.
Nxb7 Qe7 29. Rac1 Rxf1 30. Kxf1 Bb5+ 31. Kg1 Bc4 32. Na5 Rc8 33. e4 Qa7+ 34.
Kg2 Qd4 35. Nxc4 Rxc4 36. Rxc4 dxc4 37. Qe1 Qb2+
0-1

[Event "Nordstrand GP Langsjakk 2017"]
[Site ""]
[Date "2017.04.21"]
[Round "1"]
[White "Omtvedt, Per"]
[Black "Unneland, Mathias"]
[Result "1-0"]
[WhiteElo "1917"]
[BlackElo "1788"]
[PlyCount "51"]
[EventDate "2017.??.??"]

1. e4 e6 2. d4 d5 3. Nd2 Nf6 4. e5 Nfd7 5. Bd3 c5 6. c3 Be7 7. Ne2 O-O 8. O-O
Nc6 9. f4 Qb6 10. Nf3 f6 11. Kh1 fxe5 12. fxe5 Qc7 13. Be3 c4 14. Bc2 b5 15.
Qd2 Bb7 16. Nf4 Nd8 17. Rae1 Qb6 18. Bb1 Re8 19. Qc2 Nf8 20. Nh5 Nf7 21. Qf2
Nh8 22. Ng5 Bxg5 23. Bxg5 Qc7 24. Qg3 Nhg6 25. h4 Nd7 26. Nxg7
1-0

[Event "Nordstrand GP Langsjakk 2017"]
[Site ""]
[Date "2017.04.21"]
[Round "1"]
[White "Skaslien, Ingrid"]
[Black "Abrahamsen, Knut Ø"]
[Result "1-0"]
[WhiteElo "1755"]
[BlackElo "1885"]
[PlyCount "105"]
[EventDate "2017.??.??"]

1. d4 Nf6 2. c4 e6 3. Nc3 d5 4. e3 b6 5. cxd5 exd5 6. Nf3 Bb7 7. Bd3 Nbd7 8.
O-O Bd6 9. b3 O-O 10. Bb2 Ne4 11. Rc1 a6 12. Bxe4 dxe4 13. Nd2 Qh4 14. h3 f5
15. Nc4 f4 16. Nxd6 cxd6 17. Qg4 Qxg4 18. hxg4 fxe3 19. fxe3 Nf6 20. g5 Ng4 21.
Rxf8+ Rxf8 22. Nd1 a5 23. Ba3 Ba6 24. Nc3 Nxe3 25. Nxe4 Rf5 26. g3 d5 27. Nd6
Rxg5 28. Re1 Rxg3+ 29. Kf2 Rg2+ 30. Kxe3 Rxa2 31. Kf4 h6 32. Bc1 Rh2 33. Ke5
Rh5+ 34. Ke6 Bd3 35. Re3 Bc2 36. Rc3 Bd1 37. Rg3 g5 38. Nf5 Bc2 39. Ne7+ Kg7
40. Nxd5 Rh4 41. Bb2 b5 42. Nf6 Rh2 43. d5 Bf5+ 44. Kxf5 Rxb2 45. Rf3 a4 46.
bxa4 bxa4 47. Ne4 Kf7 48. Ke5+ Ke7 49. d6+ Ke8 50. Ke6 Rb6 51. Rf7 Ra6 52. Nf6+
Kd8 53. Rf8#
1-0

[Event "Nordstrand GP Langsjakk 2017"]
[Site ""]
[Date "2017.04.21"]
[Round "1"]
[White "Pronstad, Thomas"]
[Black "Reigstad, Erlend"]
[Result "1-0"]
[WhiteElo "1876"]
[BlackElo "1576"]
[PlyCount "77"]
[EventDate "2017.??.??"]

1. Nf3 Nf6 2. c4 g6 3. Nc3 Bg7 4. e4 d6 5. d4 O-O 6. Be2 Nbd7 7. O-O c5 8. d5
Ne8 9. Qc2 Ne5 10. Nxe5 Bxe5 11. Be3 f5 12. exf5 Bxf5 13. Bd3 e6 14. dxe6 Bxe6
15. Rae1 Bf5 16. Ne4 Nf6 17. f4 Bxe4 18. Bxe4 Bxb2 19. Bxg6 hxg6 20. Qxb2 Rf7
$11 21. f5 Ng4 22. fxg6 Rxf1+ 23. Rxf1 Qe7 24. Bf4 Rf8 25. Qd2 Ne5 26. Qe2 Nxg6
$11 27. Qxe7 Nxe7 28. Bxd6 Rxf1+ 29. Kxf1 Nc8 30. Bxc5 b6 31. Ba3 a6 32. Ke2
Na7 33. Ke3 Nc6 34. Ke4 Nd8 35. Kd5 Kf7 36. g4 Kg6 37. Be7 Nf7 38. g5 Kh5 39.
Bf6
1-0

[Event "Nordstrand GP Langsjakk 2017"]
[Site ""]
[Date "2017.04.22"]
[Round "2"]
[White "Getz, Nicolai"]
[Black "Haugland, Rasmus L"]
[Result "1-0"]
[WhiteElo "2403"]
[BlackElo "1944"]
[PlyCount "55"]
[EventDate "2017.??.??"]

1. e4 c6 2. d4 d5 3. Nc3 dxe4 4. Nxe4 Nd7 5. Nf3 Ngf6 6. Ng3 e6 7. Bc4 Be7 8.
O-O O-O 9. Qe2 Nb6 10. Bd3 c5 11. dxc5 Bxc5 12. Bg5 Nbd7 13. Rad1 Qc7 14. Ne4
Nd5 15. Nxc5 Qxc5 16. c4 N5f6 17. Bf4 Re8 18. Ne5 Nxe5 19. Bxe5 Nd7 20. Bd4 Qc7
21. f4 Nc5 22. Bc2 b6 23. Qh5 h6 24. Rf3 Rd8 25. Rg3 Qxf4 26. Rxg7+ Kf8 27.
Rxf7+ Qxf7 28. Qxh6+
1-0

[Event "Nordstrand GP Langsjakk 2017"]
[Site ""]
[Date "2017.04.22"]
[Round "2"]
[White "Tryggestad, Andreas G"]
[Black "Kvisla, Johannes Luangtep"]
[Result "1-0"]
[WhiteElo "2284"]
[BlackElo "2318"]
[PlyCount "71"]
[EventDate "2017.??.??"]

1. e4 c5 2. c3 Qa5 3. Nf3 Nc6 4. Bc4 Nf6 5. e5 d5 6. exd6 exd6 7. Qb3 d5 8.
Bxd5 Nxd5 9. Qxd5 Be6 10. Qe4 c4 11. d4 cxd3 12. Qxd3 Rd8 13. Qe2 Be7 14. O-O
O-O 15. Be3 Qh5 16. Nbd2 Ne5 17. Bd4 Ng6 18. Ne4 Nf4 19. Qe3 Nd5 20. Qc1 Qg4
21. Ng3 Nf4 22. Ne5 Qh4 23. Re1 Nxg2 24. Kxg2 Bd5+ 25. f3 f5 26. Qc2 f4 27. Ne4
Be6 28. Kh1 Rd5 29. Rg1 Qh5 30. Qg2 g6 31. Ng4 Rdf5 32. Rgf1 Bc4 33. Rfe1 Bd5
34. Rad1 Bh4 35. Qh3 Bxe1 36. Nh6+
1-0

[Event "Nordstrand GP Langsjakk 2017"]
[Site ""]
[Date "2017.04.22"]
[Round "2"]
[White "Kovachev, Daniel Jakobsen"]
[Black "Sousa, Ludy Helsio P"]
[Result "1-0"]
[WhiteElo "2314"]
[BlackElo "2152"]
[PlyCount "113"]
[EventDate "2017.??.??"]

1. e4 c5 2. Nf3 a6 3. c3 d6 4. d4 Nd7 5. a4 Qc7 6. a5 Ngf6 7. Nbd2 e5 8. dxe5
Nxe5 9. Nxe5 dxe5 10. Bc4 Be7 11. Qe2 O-O 12. Nf1 Qc6 13. Bg5 Be6 14. Bxe6 fxe6
15. Nd2 Rf7 16. O-O Bd6 17. Rfe1 Bc7 18. Nc4 Rd8 19. Bh4 Rdf8 20. Bg3 Nd7 21.
Red1 Qb5 22. Rd2 Re7 23. h4 h6 24. h5 Nf6 25. Bh4 Rd7 26. Rxd7 Nxd7 27. Kf1 Nb8
28. Bg3 Nc6 29. Rd1 Rd8 30. Rxd8+ Bxd8 31. Nxe5 Nxe5 32. Bxe5 Qxe2+ 33. Kxe2
Bxa5 34. c4 b5 35. Kd3 Kf7 36. b3 Bd8 37. f4 Bh4 38. g4 g6 39. Bd6 Bf2 40. Bc7
gxh5 41. gxh5 Bd4 42. Bb6 b4 43. e5 Ke7 44. Bc7 Bf2 45. Bd6+ Kf7 46. Bc7 Ke7
47. Ke4 Kd7 48. Bd6 a5 49. Bf8 Ke8 50. Bxh6 Kf7 51. Bg5 Be1 52. Bd8 Kg7 53.
Bxa5 Kh6 54. Bb6 Bf2 55. f5 Kxh5 56. fxe6 Kg6 57. Kd5
1-0

[Event "Nordstrand GP Langsjakk 2017"]
[Site ""]
[Date "2017.04.22"]
[Round "2"]
[White "Kakushadze, Ilia"]
[Black "Ranaldi, Lucas"]
[Result "1/2-1/2"]
[WhiteElo "2097"]
[BlackElo "2309"]
[PlyCount "45"]
[EventDate "2017.??.??"]

1. e4 c6 2. d4 d5 3. Nc3 dxe4 4. Nxe4 Bf5 5. Ng3 Bg6 6. Bc4 e6 7. N1e2 Nd7 8.
Nf4 e5 9. Qe2 Qe7 10. Nxg6 hxg6 11. O-O exd4 12. Ne4 O-O-O 13. Re1 Nh6 14. Bf4
Nb6 15. Qd3 Nxc4 16. Qxc4 Qb4 17. Qd3 Qxb2 18. Reb1 Qa3 19. Qc4 Qe7 20. Qa4 Qa3
21. Qc4 Qe7 22. Qa4 Qa3 23. Qc4
1/2-1/2

[Event "Nordstrand GP Langsjakk 2017"]
[Site ""]
[Date "2017.04.22"]
[Round "2"]
[White "Egeland, Finn"]
[Black "Al-Tarbosh, Ward"]
[Result "0-1"]
[WhiteElo "1961"]
[BlackElo "2219"]
[PlyCount "115"]
[EventDate "2017.??.??"]

1. e4 e6 2. d4 d5 3. Nc3 Nf6 4. e5 Nfd7 5. f4 c5 6. Nf3 Nc6 7. Be3 a6 8. Qd2 b5
9. dxc5 Bxc5 10. O-O-O Qb6 11. Nd4 Bb7 12. h4 h5 13. Rh3 Nxd4 14. Bxd4 Bxd4 15.
Qxd4 Qxd4 16. Rxd4 g6 17. Be2 Ke7 18. a4 bxa4 19. Nxa4 Bc6 20. Ra3 Rhb8 21. g3
Bb5 22. Nc3 Bxe2 23. Nxe2 Rb6 24. Rda4 Rab8 25. Nd4 Ra8 26. Ra5 Kd8 27. Nb5 f6
28. exf6 Nxf6 29. Nc3 Ne8 30. Na4 Rc6 31. Nc5 Nc7 32. Nd3 Rb6 33. Ne5 Rab8 34.
Rc5 R8b7 35. Rac3 Nb5 36. Rc8+ Ke7 37. R3c6 Rxc6 38. Rxc6 Nd4 39. Rxa6 Ne2+ 40.
Kb1 Nxg3 41. Ra8 Nf5 42. Rg8 Rb5 43. Rxg6 Nxh4 44. Rg7+ Kd6 45. Rd7+ Kc5 46.
Rh7 Kd4 47. Rxh5 Nf5 48. Rh1 Ke4 49. Nd3 Ne3 50. Rh5 Nc4 51. Kc1 Ra5 52. Kd1
Ra2 53. Ke2 Nxb2 54. Re5+ Kd4 55. Nb4 Ra4 56. Nc6+ Kc3 57. Rxe6 Rxf4 58. Ke3
0-1

[Event "Nordstrand GP Langsjakk 2017"]
[Site ""]
[Date "2017.04.22"]
[Round "2"]
[White "Sahl, Sheila Barth"]
[Black "Edvardsen, Ragnar"]
[Result "1-0"]
[WhiteElo "2166"]
[BlackElo "1969"]
[PlyCount "97"]
[EventDate "2017.??.??"]

1. e4 e5 2. Nf3 Nc6 3. Bc4 Nf6 4. d3 Be7 5. O-O O-O 6. Re1 d6 7. c3 Na5 8. Bb5
a6 9. Ba4 b5 10. Bc2 c5 11. Nbd2 Re8 12. Nf1 Bf8 13. d4 Nc6 14. d5 Nb8 15. a4
Bb7 16. Bg5 Nbd7 17. Ng3 h6 18. Be3 g6 19. Nd2 Bg7 20. Qe2 Rb8 21. b4 Qc7 22.
Ra2 Bc8 23. axb5 axb5 24. Nb3 cxb4 25. cxb4 Nb6 26. Bd3 Bd7 27. Rc1 Qd8 28. f3
Nbxd5 29. exd5 Nxd5 30. Qd2 Nxe3 31. Qxe3 f5 32. Nf1 Qh4 33. Qe1 Qxe1 34. Rxe1
Be6 35. Nfd2 d5 36. Nc5 Bf7 37. Ra5 e4 38. Bxb5 Bd4+ 39. Kf1 e3 40. Bxe8 Bxe8
41. Ndb3 Bb5+ 42. Rxb5 Rxb5 43. Nxd4 Rxb4 44. Nce6 f4 45. g3 g5 46. gxf4 gxf4
47. Ne2 Kf7 48. N6xf4 d4 49. Rd1
1-0

[Event "Nordstrand GP Langsjakk 2017"]
[Site ""]
[Date "2017.04.22"]
[Round "2"]
[White "Hansen, Victor"]
[Black "Mirza, Raad"]
[Result "1-0"]
[WhiteElo "2097"]
[BlackElo "1930"]
[PlyCount "81"]
[EventDate "2017.??.??"]

1. d4 Nf6 2. c4 e6 3. Nc3 d5 4. e3 b6 5. Nf3 Bd6 6. Bd3 O-O 7. O-O Nbd7 8. e4
Nxe4 9. Nxe4 dxe4 10. Bxe4 Rb8 11. Bg5 f6 12. Bh4 Qe8 13. Re1 Qh5 14. Bg3 f5
15. Bxd6 cxd6 16. Bc6 Rf6 17. Qa4 Bb7 18. Bxb7 Rxb7 19. Qc6 Rb8 20. Qxd7 Re8
21. b4 Rh6 22. Qxd6 g5 23. Qg3 Rg6 24. Ne5 Rg7 25. Qh3 Qxh3 26. gxh3 h5 27.
Rad1 g4 28. hxg4 hxg4 29. Kg2 Rh7 30. d5 exd5 31. cxd5 Kg7 32. Nxg4 Rg8 33.
Re7+ Kh8 34. Rxh7+ Kxh7 35. d6 Rxg4+ 36. Kf3 Rg8 37. d7 Rd8 38. Kf4 Kg6 39. Ke5
Kf7 40. Kd6 Kf6 41. Kc7
1-0

[Event "Nordstrand GP Langsjakk 2017"]
[Site ""]
[Date "2017.04.22"]
[Round "2"]
[White "Nordquelle, Daniel"]
[Black "Omtvedt, Per"]
[Result "1-0"]
[WhiteElo "2094"]
[BlackElo "1917"]
[PlyCount "97"]
[EventDate "2017.??.??"]

1. e4 c5 2. Nc3 Nc6 3. g3 g6 4. Bg2 Bg7 5. d3 d6 6. Be3 e5 7. Qd2 Nge7 8. Nge2
Nd4 9. O-O O-O 10. f4 Rb8 11. fxe5 dxe5 12. Nd5 Nxd5 13. exd5 Qd6 14. c4 a6 15.
Nxd4 cxd4 16. Bh6 Bf5 17. Bxg7 Kxg7 18. b4 b6 19. Rfc1 Rfc8 20. Bf3 h5 21. Be4
Bh3 22. a4 Rc7 23. a5 Bc8 24. axb6 Qxb6 25. Rcb1 f5 26. c5 Qb5 27. d6 Rd7 28.
Bd5 Rxd6 29. Bc4 Qc6 30. cxd6 Bb7 31. Rf1 Qh1+ 32. Kf2 Qxh2+ 33. Ke1 Qxg3+ 34.
Qf2 Qg5 35. Rg1 Qf6 36. Bxa6 Qxd6 37. Bc4 Qxb4+ 38. Qd2 Qxd2+ 39. Kxd2 Bf3 40.
Ra7+ Kh6 41. Ra6 Bg4 42. Bf7 Kg5 43. Rxg6+ Kf4 44. Rf1+ Kg3 45. Rxf5 Rb2+ 46.
Kc1 Re2 47. Rxh5 e4 48. Be6 exd3 49. Rxg4+
1-0